Statistics for Jurassic Park 3 Dinosaurs

Click here to take the quiz!

General Stats

  • This quiz has been taken 37 times
  • The average score is 10 of 12

Answer Stats

HintAnswer% Correct
Big sail, big bad.Spinosaurus
96%
Cameo dinosaur. Dude's got three horns.Triceratops
96%
Eggs got stolenVelociraptor
96%
Lowered its neck to look at the boat in the riverBrachiosaurus
88%
Chilling in the background. Avoid tail at all cost.Stegosaurus
84%
SnapTyrannosaurus rex
84%
Smelling pooCeratosaurus
80%
It's a birdcage.Pteranodon
80%
Small green lizardCompsognathus
76%
Cameo dinosaur. Avoid tail at all cost.Ankylosaurus
72%
Chilling in the background.Parasaurolophus
64%
Running away with the humansCorythosaurus
56%

Score Distribution

Percentile by Number Answered

Percent of People with Each Score

Your Score History

You have not taken this quiz